Effect of glutinous rice flour rate on the growth and yield paddy straw mushroom; ឥទ្ធិពលនៃកម្រិតម្សៅអង្ករដំណើបទៅលើការលូតលាស់ និងទិន្នផលដំណាំផ្សិតចំបើង (Record no. 11566)

000 -LEADER
fixed length control field 00666nam a22001337a 4500
040 ## - CATALOGING SOURCE
Transcribing agency RUA
082 ## - DEWEY DECIMAL CLASSIFICATION NUMBER
Classification number AGR NOU 2016 B556 Or.1
100 ## - MAIN ENTRY--AUTHOR NAME
Personal name NOU CHOMNOR; នូ ជំនោរ
245 ## - TITLE STATEMENT
Title Effect of glutinous rice flour rate on the growth and yield paddy straw mushroom; ឥទ្ធិពលនៃកម្រិតម្សៅអង្ករដំណើបទៅលើការលូតលាស់ និងទិន្នផលដំណាំផ្សិតចំបើង
260 ## - PUBLICATION, DISTRIBUTION, ETC. (IMPRINT)
Place of publication Phnom Penh
Name of publisher RUA
Year of publication 2016
300 ## - PHYSICAL DESCRIPTION
Number of Pages xi; 41p;
Other physical details ill;
Dimensions 29cm;
856 ## - ELECTRONIC LOCATION AND ACCESS
Uniform Resource Identifier https://drive.google.com/file/d/1zxGmwTldvtTqM9RWBFyvYXWHI26Ynw2i/view?usp=sharing
942 ## - ADDED ENTRY ELEMENTS (KOHA)
Koha item type AGR
952 ## - LOCATION AND ITEM INFORMATION (KOHA)
Withdrawn status [LOCAL, KOHA] 0
952 ## - LOCATION AND ITEM INFORMATION (KOHA)
Withdrawn status [LOCAL, KOHA] 0
952 ## - LOCATION AND ITEM INFORMATION (KOHA)
Withdrawn status [LOCAL, KOHA] 0
952 ## - LOCATION AND ITEM INFORMATION (KOHA)
Withdrawn status [LOCAL, KOHA] 0
952 ## - LOCATION AND ITEM INFORMATION (KOHA)
Withdrawn status [LOCAL, KOHA] 0
952 ## - LOCATION AND ITEM INFORMATION (KOHA)
Withdrawn status [LOCAL, KOHA] 0
952 ## - LOCATION AND ITEM INFORMATION (KOHA)
Withdrawn status [LOCAL, KOHA] 0
952 ## - LOCATION AND ITEM INFORMATION (KOHA)
Withdrawn status [LOCAL, KOHA] 0
Holdings
Permanent Location Date acquired Koha item type Lost status Shelving location Barcode Current Location Full call number
Library Block B2017-08-03AGR B556A11798Library Block BAGR NOU 2016 B556 Or.1
Library Block B2017-08-03AGR B556 Library Block BAGR NOU 2016 B556 Or.1
Library Block B2017-08-03AGR B556A12285Library Block BAGR NOU 2016 B556 Or.3
Library Block B2017-08-03AGR B556A12598Library Block BAGR NOU 2016 B556 Or.4
Library Block B2017-08-03AGR B556A12593Library Block BAGR NOU 2016 B556 Or.5
Library Block B2017-08-03AGR B556A12638Library Block BAGR NOU 2016 B556 Or.6
Library Block B2017-08-03AGR B556A12648Library Block BAGR NOU 2016 B556 Or.7
Library Block B2017-08-03AGR B556A12595Library Block BAGR NOU 2016 B556 Or.8
មជ្ឈមណ្ឌលឯការនៃសាកលវិទ្យាល័យភូមិន្ទកសិកម្មចំការដូង

Powered by Koha